000 00360nam a2200133Ia 4500
008 230917s9999||||xx |||||||||||||| ||und||
040 _e93679
_aMAIN
041 _aEnglish
082 _a677.02862 B927E
100 _aBurmanray, Dhrubajyoti
245 0 _aEffect of some process variables on the properties of air textured yarn
300 _a43 p.
942 _cTH
999 _c48334
_d48334